[Event "DEM U10w 2025"]
[Site "Willingen GER"]
[Date "2025.06.08"]
[Round "2"]
[White "Ruddat, Maila"]
[Black "Kasperczyk, Sara"]
[Result "1-0"]
[Termination "normal"]
[Board "9"]
[WhiteElo "1573"]
[BlackElo "784"]
[WhiteClock "01:19:20"]
[BlackClock "01:19:26"]
[PlyCount "35"]
[WhiteFideId "34628100"]
[BlackFideId "533043574"]
[EventCountry "GER"]
[EventRounds "9"]
[EventType "swiss"]
[EventDate "2025.06.07"]

1. e4 {[%clk 01:30:28]} {[%emt 00:00:32]} c6 {[%clk 01:30:36]} {[%emt
00:00:24]} 2. d4 {[%clk 01:30:18]} {[%emt 00:00:40]} d5 {[%clk 01:30:50]}
{[%emt 00:00:16]} 3. exd5 {[%clk 01:30:19]} {[%emt 00:00:28]} cxd5 {[%clk
01:31:08]} {[%emt 00:00:12]} 4. Bd3 {[%clk 01:29:14]} {[%emt 00:01:35]} e6
{[%clk 01:30:23]} {[%emt 00:01:15]} 5. c3 {[%clk 01:28:38]} {[%emt 00:01:07]}
Nc6 {[%clk 01:29:55]} {[%emt 00:00:57]} 6. Bf4 {[%clk 01:28:33]} {[%emt
00:00:34]} Bd6 {[%clk 01:29:04]} {[%emt 00:01:20]} 7. Bxd6 {[%clk 01:28:28]}
{[%emt 00:00:37]} Qxd6 {[%clk 01:28:54]} {[%emt 00:00:39]} 8. Nf3 {[%clk
01:25:47]} {[%emt 00:03:12]} e5 {[%clk 01:27:49]} {[%emt 00:01:34]} 9. dxe5
{[%clk 01:25:51]} {[%emt 00:00:27]} Nxe5 {[%clk 01:27:03]} {[%emt 00:01:15]}
10. O-O {[%clk 01:25:34]} {[%emt 00:00:47]} Ng4 {[%clk 01:26:25]} {[%emt
00:01:07]} 11. Nbd2 {[%clk 01:24:44]} {[%emt 00:01:23]} Be6 {[%clk 01:23:02]}
{[%emt 00:03:46]} 12. Bb5+ {[%clk 01:22:09]} {[%emt 00:03:09]} Ke7 {[%clk
01:22:23]} {[%emt 00:01:11]} 13. h3 {[%clk 01:22:07]} {[%emt 00:00:31]} N4h6
{[%clk 01:21:44]} {[%emt 00:01:08]} 14. Re1 {[%clk 01:22:02]} {[%emt 00:00:35]}
Kd8 {[%clk 01:20:38]} {[%emt 00:01:35]} 15. c4 {[%clk 01:20:18]} {[%emt
00:02:17]} Bf5 {[%clk 01:19:40]} {[%emt 00:01:28]} 16. cxd5 {[%clk 01:19:51]}
{[%emt 00:00:58]} Qg6 {[%clk 01:19:36]} {[%emt 00:00:29]} 17. Rc1 {[%clk
01:19:36]} {[%emt 00:00:47]} Bxh3 {[%clk 01:19:26]} {[%emt 00:00:41]} 18. Re8#
{[%clk 01:19:20]} {[%emt 00:00:13]} 1-0

[Event "DEM U10w 2025"]
[Site "Willingen GER"]
[Date "2025.06.08"]
[Round "2"]
[White "Bacakova, Johanna"]
[Black "Rose, Malina Rita"]
[Result "0-1"]
[Termination "normal"]
[Board "11"]
[WhiteElo "1444"]
[BlackElo "1549"]
[WhiteClock "00:03:05"]
[BlackClock "00:21:39"]
[PlyCount "118"]
[WhiteFideId "533006849"]
[BlackFideId "34665749"]
[EventCountry "GER"]
[EventRounds "9"]
[EventType "swiss"]
[EventDate "2025.06.07"]

1. e4 {[%clk 01:30:53]} {[%emt 00:00:05]} e6 {[%clk 01:30:49]} {[%emt
00:00:11]} 2. d4 {[%clk 01:31:16]} {[%emt 00:00:07]} d5 {[%clk 01:31:12]}
{[%emt 00:00:08]} 3. exd5 {[%clk 01:31:38]} {[%emt 00:00:08]} exd5 {[%clk
01:31:34]} {[%emt 00:00:09]} 4. Bd3 {[%clk 01:31:56]} {[%emt 00:00:11]} Be6
{[%clk 01:28:30]} {[%emt 00:03:33]} 5. Nf3 {[%clk 01:30:09]} {[%emt 00:02:16]}
Nf6 {[%clk 01:27:41]} {[%emt 00:01:20]} 6. h3 {[%clk 01:29:44]} {[%emt
00:00:54]} h6 {[%clk 01:27:03]} {[%emt 00:01:08]} 7. O-O {[%clk 01:28:07]}
{[%emt 00:02:07]} Bd6 {[%clk 01:25:33]} {[%emt 00:02:00]} 8. Re1 {[%clk
01:22:50]} {[%emt 00:05:46]} O-O {[%clk 01:25:44]} {[%emt 00:00:20]} 9. Be3
{[%clk 01:22:00]} {[%emt 00:01:20]} Re8 {[%clk 01:24:45]} {[%emt 00:01:29]} 10.
Nbd2 {[%clk 01:19:15]} {[%emt 00:03:15]} Nbd7 {[%clk 01:20:27]} {[%emt
00:04:48]} 11. c3 {[%clk 01:18:01]} {[%emt 00:01:43]} c6 {[%clk 01:19:29]}
{[%emt 00:01:29]} 12. Qb3 {[%clk 01:12:37]} {[%emt 00:05:55]} Qb6 {[%clk
01:17:15]} {[%emt 00:02:44]} 13. Qxb6 {[%clk 01:10:34]} {[%emt 00:02:32]} Nxb6
{[%clk 01:17:26]} {[%emt 00:00:19]} 14. Re2 {[%clk 01:08:59]} {[%emt 00:02:05]}
Re7 {[%clk 01:13:55]} {[%emt 00:04:02]} 15. Rae1 {[%clk 01:06:24]} {[%emt
00:03:04]} Rae8 {[%clk 01:13:54]} {[%emt 00:00:30]} 16. Nb3 {[%clk 01:04:52]}
{[%emt 00:02:03]} Bd7 {[%clk 01:08:59]} {[%emt 00:05:25]} 17. Bd2 {[%clk
01:03:49]} {[%emt 00:01:33]} Rxe2 {[%clk 01:09:08]} {[%emt 00:00:21]} 18. Rxe2
{[%clk 01:03:24]} {[%emt 00:00:55]} Rxe2 {[%clk 01:09:31]} {[%emt 00:00:08]}
19. Bxe2 {[%clk 01:03:29]} {[%emt 00:00:24]} Ne4 {[%clk 01:09:20]} {[%emt
00:00:41]} 20. Bd3 {[%clk 00:54:51]} {[%emt 00:09:08]} Nxd2 {[%clk 01:08:28]}
{[%emt 00:01:23]} 21. Nbxd2 {[%clk 00:54:35]} {[%emt 00:00:46]} Na4 {[%clk
01:05:43]} {[%emt 00:03:16]} 22. Kf1 {[%clk 00:45:00]} {[%emt 00:10:04]} Nxb2
{[%clk 01:03:45]} {[%emt 00:02:29]} 23. Ke2 {[%clk 00:41:11]} {[%emt 00:04:19]}
Nxd3 {[%clk 01:03:57]} {[%emt 00:00:18]} 24. Kxd3 {[%clk 00:41:10]} {[%emt
00:00:31]} Kf8 {[%clk 01:03:42]} {[%emt 00:00:45]} 25. Ke3 {[%clk 00:36:58]}
{[%emt 00:04:43]} Ke7 {[%clk 01:03:41]} {[%emt 00:00:29]} 26. g4 {[%clk
00:35:56]} {[%emt 00:01:32]} g5 {[%clk 01:02:03]} {[%emt 00:02:09]} 27. Ne1
{[%clk 00:30:10]} {[%emt 00:06:16]} f5 {[%clk 00:55:42]} {[%emt 00:06:49]} 28.
f3 {[%clk 00:27:18]} {[%emt 00:03:22]} f4+ {[%clk 00:50:30]} {[%emt 00:05:44]}
29. Kd3 {[%clk 00:27:01]} {[%emt 00:00:46]} c5 {[%clk 00:41:08]} {[%emt
00:09:53]} 30. dxc5 {[%clk 00:22:41]} {[%emt 00:04:50]} Bxc5 {[%clk 00:41:06]}
{[%emt 00:00:32]} 31. Nc2 {[%clk 00:21:00]} {[%emt 00:02:11]} Bb5+ {[%clk
00:34:49]} {[%emt 00:06:47]} 32. c4 {[%clk 00:20:46]} {[%emt 00:00:45]} dxc4+
{[%clk 00:34:13]} {[%emt 00:01:06]} 33. Nxc4 {[%clk 00:19:40]} {[%emt
00:00:23]} Bc6 {[%clk 00:34:18]} {[%emt 00:01:36]} 34. Ke2 {[%clk 00:17:29]}
{[%emt 00:02:42]} Bd5 {[%clk 00:33:53]} {[%emt 00:00:56]} 35. Na5 {[%clk
00:14:16]} {[%emt 00:03:43]} b6 {[%clk 00:33:31]} {[%emt 00:00:52]} 36. Nb3
{[%clk 00:14:16]} {[%emt 00:00:29]} Kd6 {[%clk 00:31:12]} {[%emt 00:02:49]} 37.
Ne1 {[%clk 00:12:41]} {[%emt 00:02:05]} Bxb3 {[%clk 00:30:20]} {[%emt
00:01:23]} 38. axb3 {[%emt 00:00:18]} Kd5 {[%emt 00:00:23]} 39. Kd3 {[%clk
00:10:12]} {[%emt 00:02:18]} Bb4 {[%clk 00:28:17]} {[%emt 00:02:33]} 40. Nc2
{[%clk 00:09:18]} {[%emt 00:01:23]} Kc5 {[%clk 00:27:08]} {[%emt 00:01:40]} 41.
Ke4 {[%clk 00:06:32]} {[%emt 00:03:16]} Bc3 {[%clk 00:24:56]} {[%emt 00:02:42]}
42. Kd3 {[%clk 00:05:45]} {[%emt 00:01:17]} Bg7 {[%clk 00:23:39]} {[%emt
00:01:45]} 43. Ke4 {[%clk 00:04:43]} {[%emt 00:01:33]} a5 {[%clk 00:23:03]}
{[%emt 00:01:07]} 44. Kd3 {[%clk 00:04:18]} {[%emt 00:00:54]} b5 {[%clk
00:22:40]} {[%emt 00:00:52]} 45. Kd2 {[%clk 00:03:05]} {[%emt 00:01:44]} a4
{[%clk 00:21:39]} {[%emt 00:01:32]} 46. bxa4 {[%emt 00:00:26]} bxa4 {[%emt
00:00:13]} 47. Kc1 {[%emt 00:00:39]} Kc4 {[%emt 00:01:23]} 48. Kb1 {[%emt
00:01:04]} Kb3 {[%emt 00:00:57]} 49. Na1+ {[%emt 00:00:38]} Bxa1 {[%emt
00:00:38]} 50. Kxa1 {[%emt 00:00:13]} Kc3 {[%emt 00:00:40]} 51. Ka2 {[%emt
00:01:06]} Kd3 {[%emt 00:00:06]} 52. Ka3 {[%emt 00:01:46]} Ke3 {[%emt
00:00:07]} 53. Kxa4 {[%emt 00:00:32]} Kxf3 {[%emt 00:00:09]} 54. Kb4 {[%emt
00:00:45]} Kg3 {[%emt 00:00:08]} 55. Kc3 {[%emt 00:00:29]} Kxh3 {[%emt
00:00:19]} 56. Kd3 {[%emt 00:00:21]} f3 {[%emt 00:00:36]} 57. Ke3 {[%emt
00:00:12]} Kg2 {[%emt 00:00:12]} 58. Ke4 {[%emt 00:00:50]} f2 {[%emt 00:00:08]}
59. Kd4 {[%emt 00:00:48]} f1=Q {[%emt 00:00:15]} 0-1

[Event "DEM U10w 2025"]
[Site "Willingen GER"]
[Date "2025.06.08"]
[Round "2"]
[White "Dimkova, Anna"]
[Black "Kotliarova, Emily"]
[Result "0-1"]
[Termination "normal"]
[Board "12"]
[WhiteElo "1037"]
[BlackElo "1480"]
[WhiteClock "01:12:29"]
[BlackClock "00:49:15"]
[PlyCount "84"]
[WhiteFideId "533043531"]
[BlackFideId "34694390"]
[EventCountry "GER"]
[EventRounds "9"]
[EventType "swiss"]
[EventDate "2025.06.07"]

1. e4 {[%clk 01:30:56]} {[%emt 00:00:03]} e5 {[%clk 01:30:54]} {[%emt
00:00:06]} 2. Nf3 {[%clk 01:31:19]} {[%emt 00:00:07]} Nc6 {[%clk 01:31:18]}
{[%emt 00:00:06]} 3. Nc3 {[%clk 01:31:41]} {[%emt 00:00:08]} Nf6 {[%clk
01:31:40]} {[%emt 00:00:08]} 4. d4 {[%clk 01:32:00]} {[%emt 00:00:11]} exd4
{[%clk 01:31:54]} {[%emt 00:00:16]} 5. Nxd4 {[%clk 01:32:17]} {[%emt 00:00:12]}
Bb4 {[%clk 01:30:11]} {[%emt 00:02:13]} 6. Nxc6 {[%clk 01:32:33]} {[%emt
00:00:15]} Bxc3+ {[%clk 01:30:15]} {[%emt 00:00:27]} 7. bxc3 {[%clk 01:32:40]}
{[%emt 00:00:23]} bxc6 {[%clk 01:29:41]} {[%emt 00:01:04]} 8. Bd3 {[%clk
01:32:48]} {[%emt 00:00:21]} O-O {[%clk 01:29:52]} {[%emt 00:00:19]} 9. O-O
{[%clk 01:32:47]} {[%emt 00:00:32]} h6 {[%clk 01:28:15]} {[%emt 00:02:06]} 10.
Qf3 {[%clk 01:32:45]} {[%emt 00:00:33]} d6 {[%clk 01:21:52]} {[%emt 00:06:53]}
11. Qg3 {[%clk 01:31:55]} {[%emt 00:01:19]} Kh8 {[%clk 01:19:46]} {[%emt
00:02:36]} 12. Re1 {[%clk 01:31:51]} {[%emt 00:00:35]} Ng4 {[%clk 01:08:26]}
{[%emt 00:11:50]} 13. h3 {[%clk 01:31:53]} {[%emt 00:00:29]} Ne5 {[%clk
01:08:40]} {[%emt 00:00:14]} 14. c4 {[%clk 01:30:56]} {[%emt 00:01:29]} Rb8
{[%clk 01:06:57]} {[%emt 00:02:12]} 15. Bf4 {[%clk 01:29:17]} {[%emt 00:02:09]}
f6 {[%clk 01:06:12]} {[%emt 00:01:15]} 16. Rab1 {[%clk 01:28:54]} {[%emt
00:00:53]} Bd7 {[%clk 01:03:46]} {[%emt 00:02:55]} 17. Bxe5 {[%clk 01:28:21]}
{[%emt 00:01:03]} fxe5 {[%clk 01:03:15]} {[%emt 00:01:01]} 18. Qg6 {[%clk
01:28:08]} {[%emt 00:00:43]} Qf6 {[%clk 01:00:46]} {[%emt 00:02:58]} 19. Qxf6
{[%clk 01:27:25]} {[%emt 00:01:13]} gxf6 {[%clk 01:01:09]} {[%emt 00:00:07]}
20. Be2 {[%clk 01:26:18]} {[%emt 00:01:37]} c5 {[%clk 00:59:45]} {[%emt
00:01:54]} 21. Rbd1 {[%clk 01:25:19]} {[%emt 00:01:29]} Rb2 {[%clk 00:58:56]}
{[%emt 00:01:18]} 22. a3 {[%clk 01:22:08]} {[%emt 00:03:41]} Rxc2 {[%clk
00:58:00]} {[%emt 00:01:26]} 23. Ra1 {[%clk 01:21:04]} {[%emt 00:01:34]} Be6
{[%clk 00:54:00]} {[%emt 00:04:31]} 24. Bd3 {[%clk 01:19:49]} {[%emt 00:01:45]}
Rc3 {[%clk 00:53:37]} {[%emt 00:00:51]} 25. Re3 {[%clk 01:19:10]} {[%emt
00:01:10]} Bxc4 {[%clk 00:52:40]} {[%emt 00:01:27]} 26. Bxc4 {[%clk 01:18:34]}
{[%emt 00:01:05]} Rxc4 {[%clk 00:52:54]} {[%emt 00:00:18]} 27. a4 {[%clk
01:18:22]} {[%emt 00:00:42]} Rb8 {[%clk 00:51:14]} {[%emt 00:02:09]} 28. Kh2
{[%clk 01:17:32]} {[%emt 00:01:21]} Rbb4 {[%clk 00:49:18]} {[%emt 00:02:24]}
29. Rea3 {[%clk 01:17:30]} {[%emt 00:00:33]} Rxe4 {[%clk 00:49:04]} {[%emt
00:00:45]} 30. f3 {[%clk 01:17:04]} {[%emt 00:00:56]} Red4 {[%clk 00:48:55]}
{[%emt 00:00:55]} 31. a5 {[%clk 01:17:08]} {[%emt 00:01:09]} c4 {[%clk
00:48:51]} {[%emt 00:00:34]} 32. a6 {[%clk 01:17:00]} {[%emt 00:00:39]} Rb3
{[%clk 00:47:17]} {[%emt 00:02:01]} 33. Ra4 {[%clk 01:14:09]} {[%emt 00:03:24]}
c3 {[%clk 00:47:31]} {[%emt 00:00:16]} 34. Rxd4 {[%clk 01:13:17]} {[%emt
00:01:21]} exd4 {[%clk 00:47:49]} {[%emt 00:00:11]} 35. Kg1 {[%clk 01:12:44]}
{[%emt 00:01:03]} c2 {[%clk 00:48:02]} {[%emt 00:00:18]} 36. Kf2 {[%clk
01:11:56]} {[%emt 00:01:18]} Rb1 {[%clk 00:47:52]} {[%emt 00:00:33]} 37. Rxb1
{[%clk 01:11:32]} {[%emt 00:00:59]} cxb1=Q {[%clk 00:48:08]} {[%emt 00:00:16]}
38. Kg3 {[%clk 01:11:31]} {[%emt 00:00:31]} Qe1+ {[%clk 00:48:19]} {[%emt
00:00:16]} 39. Kh2 {[%clk 01:11:55]} {[%emt 00:00:10]} d3 {[%clk 00:48:37]}
{[%emt 00:00:13]} 40. h4 {[%clk 01:12:06]} {[%emt 00:00:19]} d2 {[%clk
00:49:02]} {[%emt 00:00:05]} 41. Kh3 {[%clk 01:12:10]} {[%emt 00:00:26]} d1=Q
{[%clk 00:49:15]} {[%emt 00:00:18]} 42. Kh2 {[%clk 01:12:29]} {[%emt 00:00:09]}
Qxh4# {[%emt 00:00:35]} 0-1

[Event "DEM U10w 2025"]
[Site "Willingen GER"]
[Date "2025.06.08"]
[Round "2"]
[White "Goyush, Shams"]
[Black "Classen, Meara"]
[Result "1-0"]
[Termination "normal"]
[Board "13"]
[WhiteElo "1132"]
[BlackElo "1459"]
[WhiteClock "01:30:56"]
[BlackClock "01:27:30"]
[PlyCount "37"]
[WhiteFideId "533030855"]
[BlackFideId "34626956"]
[EventCountry "GER"]
[EventRounds "9"]
[EventType "swiss"]
[EventDate "2025.06.07"]

1. e4 {[%clk 01:30:58]} e6 {[%clk 01:30:56]} {[%emt 00:00:05]} 2. d4 {[%clk
01:31:23]} {[%emt 00:00:04]} d5 {[%clk 01:31:20]} {[%emt 00:00:06]} 3. e5
{[%clk 01:31:52]} {[%emt 00:00:01]} c5 {[%clk 01:31:40]} {[%emt 00:00:11]} 4.
c3 {[%clk 01:32:14]} {[%emt 00:00:09]} Nc6 {[%clk 01:32:00]} {[%emt 00:00:10]}
5. Nf3 {[%clk 01:32:37]} {[%emt 00:00:07]} Qb6 {[%clk 01:32:07]} {[%emt
00:00:23]} 6. Na3 {[%clk 01:33:00]} {[%emt 00:00:06]} a6 {[%clk 01:30:46]}
{[%emt 00:01:52]} 7. Bd3 {[%clk 01:33:12]} {[%emt 00:00:18]} cxd4 {[%clk
01:29:40]} {[%emt 00:01:36]} 8. cxd4 {[%clk 01:33:28]} {[%emt 00:00:14]} Nxd4
{[%clk 01:29:45]} {[%emt 00:00:26]} 9. Nxd4 {[%clk 01:33:06]} {[%emt 00:00:51]}
Qxd4 {[%clk 01:29:58]} {[%emt 00:00:17]} 10. Bb5+ {[%clk 01:33:21]} {[%emt
00:00:15]} axb5 {[%clk 01:30:09]} {[%emt 00:00:20]} 11. Qxd4 {[%clk 01:33:35]}
{[%emt 00:00:14]} Be7 {[%clk 01:30:09]} {[%emt 00:00:31]} 12. Nxb5 {[%clk
01:33:45]} {[%emt 00:00:20]} Bd8 {[%clk 01:30:05]} {[%emt 00:00:34]} 13. Nd6+
{[%clk 01:33:52]} {[%emt 00:00:23]} Ke7 {[%clk 01:30:19]} {[%emt 00:00:16]} 14.
Qc5 {[%clk 01:33:56]} {[%emt 00:00:25]} Ra5 {[%clk 01:29:54]} {[%emt 00:00:56]}
15. Nxc8+ {[%clk 01:34:04]} {[%emt 00:00:21]} Ke8 {[%clk 01:29:46]} {[%emt
00:00:38]} 16. Qb4 {[%clk 01:32:55]} {[%emt 00:01:38]} Ra8 {[%clk 01:28:59]}
{[%emt 00:01:18]} 17. Qxb7 {[%clk 01:32:33]} {[%emt 00:00:52]} Ra5 {[%clk
01:27:20]} {[%emt 00:02:09]} 18. Nd6+ {[%clk 01:31:11]} {[%emt 00:01:52]} Kf8
{[%clk 01:27:30]} {[%emt 00:00:20]} 19. Qxf7# {[%clk 01:30:56]} {[%emt
00:00:14]} 1-0

[Event "DEM U10w 2025"]
[Site "Willingen GER"]
[Date "2025.06.08"]
[Round "2"]
[White "Hirtzel, Hanna Meiki"]
[Black "Schmidt, Hannah"]
[Result "1-0"]
[Termination "normal"]
[Board "14"]
[WhiteElo "984"]
[BlackElo "1121"]
[WhiteClock "01:15:04"]
[BlackClock "01:27:19"]
[PlyCount "153"]
[WhiteFideId "533040648"]
[BlackFideId "533043639"]
[EventCountry "GER"]
[EventRounds "9"]
[EventType "swiss"]
[EventDate "2025.06.07"]

1. d4 {[%clk 01:30:59]} Nf6 {[%clk 01:30:52]} {[%emt 00:00:08]} 2. c4 {[%clk
01:31:21]} {[%emt 00:00:07]} d5 {[%clk 01:30:43]} {[%emt 00:00:39]} 3. cxd5
{[%clk 01:31:26]} {[%emt 00:00:25]} Nxd5 {[%clk 01:30:58]} {[%emt 00:00:15]} 4.
e4 {[%clk 01:31:33]} {[%emt 00:00:22]} Nf6 {[%clk 01:31:20]} {[%emt 00:00:07]}
5. Nc3 {[%clk 01:31:47]} {[%emt 00:00:16]} Nc6 {[%clk 01:31:24]} {[%emt
00:00:27]} 6. Nf3 {[%clk 01:31:47]} {[%emt 00:00:28]} Bg4 {[%clk 01:31:19]}
{[%emt 00:00:37]} 7. d5 {[%clk 01:30:18]} {[%emt 00:02:00]} Nb8 {[%clk
01:31:36]} {[%emt 00:00:13]} 8. Bf4 {[%clk 01:30:06]} {[%emt 00:00:39]} Nbd7
{[%clk 01:31:07]} {[%emt 00:01:01]} 9. Bd3 {[%clk 01:29:32]} {[%emt 00:00:48]}
e5 {[%clk 01:30:56]} {[%emt 00:00:57]} 10. Bg3 {[%clk 01:27:38]} {[%emt
00:02:21]} Bb4 {[%clk 01:30:12]} {[%emt 00:01:17]} 11. O-O {[%clk 01:26:50]}
{[%emt 00:01:18]} O-O {[%clk 01:28:53]} {[%emt 00:01:49]} 12. Be2 {[%clk
01:26:15]} {[%emt 00:00:57]} Re8 {[%clk 01:26:38]} {[%emt 00:02:54]} 13. a3
{[%clk 01:24:42]} {[%emt 00:02:03]} Bd6 {[%clk 01:26:42]} {[%emt 00:00:27]} 14.
Nd2 {[%clk 01:23:17]} {[%emt 00:01:48]} Bxe2 {[%clk 01:26:46]} {[%emt
00:00:32]} 15. Qxe2 {[%clk 01:23:33]} {[%emt 00:00:14]} c6 {[%clk 01:24:17]}
{[%emt 00:03:00]} 16. dxc6 {[%clk 01:21:18]} {[%emt 00:02:45]} bxc6 {[%clk
01:24:36]} {[%emt 00:00:12]} 17. Nc4 {[%clk 01:20:13]} {[%emt 00:01:19]} Nb6
{[%clk 01:23:42]} {[%emt 00:01:39]} 18. Nxd6 {[%clk 01:19:00]} {[%emt
00:01:43]} Qxd6 {[%clk 01:23:51]} {[%emt 00:00:21]} 19. Rfd1 {[%clk 01:18:19]}
{[%emt 00:01:06]} Qc7 {[%clk 01:23:23]} {[%emt 00:01:02]} 20. Rac1 {[%clk
01:17:45]} {[%emt 00:00:55]} Qb7 {[%clk 01:22:31]} {[%emt 00:01:31]} 21. b4
{[%clk 01:16:42]} {[%emt 00:01:27]} a5 {[%clk 01:22:09]} {[%emt 00:00:59]} 22.
b5 {[%clk 01:15:12]} {[%emt 00:02:00]} Rac8 {[%clk 01:20:02]} {[%emt 00:02:36]}
23. bxc6 {[%clk 01:14:44]} {[%emt 00:00:58]} Rxc6 {[%clk 01:20:01]} {[%emt
00:00:31]} 24. Nb5 {[%clk 01:12:56]} {[%emt 00:02:03]} Rxc1 {[%clk 01:19:48]}
{[%emt 00:00:59]} 25. Rxc1 {[%clk 01:12:54]} {[%emt 00:00:32]} Rc8 {[%clk
01:18:08]} {[%emt 00:02:10]} 26. Rxc8+ {[%clk 01:12:34]} {[%emt 00:00:50]} Qxc8
{[%clk 01:18:16]} {[%emt 00:00:21]} 27. Bxe5 {[%clk 01:12:18]} {[%emt
00:00:47]} Qc1+ {[%clk 01:18:09]} {[%emt 00:00:37]} 28. Qf1 {[%clk 01:12:15]}
{[%emt 00:00:12]} Qc6 {[%clk 01:17:32]} {[%emt 00:01:22]} 29. Qd3 {[%clk
01:11:29]} {[%emt 00:01:13]} Qe8 {[%clk 01:16:21]} {[%emt 00:01:49]} 30. Bxf6
{[%clk 01:10:46]} {[%emt 00:01:13]} gxf6 {[%clk 01:15:59]} {[%emt 00:00:53]}
31. Nc3 {[%clk 01:09:48]} {[%emt 00:01:20]} Nd7 {[%clk 01:15:43]} {[%emt
00:00:54]} 32. Nd5 {[%clk 01:09:19]} {[%emt 00:00:53]} Kg7 {[%clk 01:15:43]}
{[%emt 00:00:35]} 33. f3 {[%clk 01:08:46]} {[%emt 00:01:01]} Ne5 {[%clk
01:14:54]} {[%emt 00:01:22]} 34. Qa6 {[%clk 01:08:01]} {[%emt 00:00:56]} Qc6
{[%clk 01:14:09]} {[%emt 00:01:35]} 35. Qxa5 {[%clk 01:07:15]} {[%emt
00:01:16]} Qc1+ {[%clk 01:14:29]} {[%emt 00:00:10]} 36. Kf2 {[%clk 01:07:05]}
{[%emt 00:00:29]} Nd3+ {[%clk 01:13:27]} {[%emt 00:01:43]} 37. Ke2 {[%clk
01:07:03]} {[%emt 00:00:25]} Qc2+ {[%clk 01:13:40]} {[%emt 00:00:23]} 38. Qd2
{[%clk 01:07:09]} {[%emt 00:00:20]} Qxd2+ {[%clk 01:13:57]} {[%emt 00:00:18]}
39. Kxd2 {[%clk 01:07:32]} {[%emt 00:00:06]} Nb2 {[%clk 01:14:18]} {[%emt
00:00:09]} 40. Kc3 {[%clk 01:07:39]} {[%emt 00:00:20]} Na4+ {[%clk 01:14:28]}
{[%emt 00:00:24]} 41. Kb4 {[%clk 01:07:55]} {[%emt 00:00:13]} Nb2 {[%clk
01:14:43]} {[%emt 00:00:16]} 42. a4 {[%clk 01:08:17]} {[%emt 00:00:07]} Nxa4
{[%clk 01:15:10]} {[%emt 00:00:04]} 43. Kxa4 {[%clk 01:08:42]} {[%emt
00:00:04]} Kg6 {[%clk 01:15:32]} {[%emt 00:00:08]} 44. f4 {[%clk 01:08:30]}
{[%emt 00:00:41]} f5 {[%clk 01:15:52]} {[%emt 00:00:11]} 45. Ne7+ {[%clk
01:08:39]} {[%emt 00:00:19]} Kh5 {[%clk 01:16:11]} {[%emt 00:00:13]} 46. Nxf5
{[%clk 01:08:50]} {[%emt 00:00:20]} Kg4 {[%clk 01:16:32]} {[%emt 00:00:09]} 47.
g3 {[%clk 01:08:52]} {[%emt 00:00:27]} Kh3 {[%clk 01:16:52]} {[%emt 00:00:11]}
48. Nh6 {[%clk 01:08:28]} {[%emt 00:00:51]} Kxh2 {[%clk 01:17:16]} {[%emt
00:00:08]} 49. g4 {[%clk 01:08:45]} {[%emt 00:00:13]} Kg3 {[%clk 01:17:41]}
{[%emt 00:00:05]} 50. f5 {[%clk 01:09:03]} {[%emt 00:00:12]} f6 {[%clk
01:17:58]} {[%emt 00:00:14]} 51. g5 {[%clk 01:06:58]} {[%emt 00:02:35]} fxg5
{[%clk 01:18:09]} {[%emt 00:00:20]} 52. f6 {[%clk 01:07:22]} {[%emt 00:00:06]}
Kf4 {[%clk 01:18:22]} {[%emt 00:00:16]} 53. f7 {[%clk 01:07:46]} {[%emt
00:00:07]} g4 {[%clk 01:18:45]} {[%emt 00:00:07]} 54. Nxg4 {[%clk 01:07:55]}
{[%emt 00:00:21]} h5 {[%clk 01:19:08]} {[%emt 00:00:07]} 55. f8=Q {[%clk
01:08:17]} {[%emt 00:00:08]} Kxg4 {[%clk 01:19:24]} {[%emt 00:00:13]} 56. Qg8
{[%clk 01:08:13]} {[%emt 00:00:25]} Kf4 {[%clk 01:19:41]} {[%emt 00:00:22]} 57.
e5 {[%clk 01:08:03]} {[%emt 00:00:40]} Kxe5 {[%clk 01:20:07]} {[%emt 00:00:05]}
58. Qg5+ {[%clk 01:08:25]} {[%emt 00:00:06]} Kd4 {[%clk 01:20:32]} {[%emt
00:00:06]} 59. Qxh5 {[%clk 01:08:50]} {[%emt 00:00:06]} Ke4 {[%clk 01:20:53]}
{[%emt 00:00:09]} 60. Qd1 {[%clk 01:09:02]} {[%emt 00:00:15]} Ke5 {[%clk
01:21:18]} {[%emt 00:00:06]} 61. Kb5 {[%clk 01:09:15]} {[%emt 00:00:18]} Ke4
{[%clk 01:21:40]} {[%emt 00:00:07]} 62. Kc5 {[%clk 01:09:40]} {[%emt 00:00:05]}
Ke3 {[%clk 01:22:01]} {[%emt 00:00:10]} 63. Kc4 {[%clk 01:10:03]} {[%emt
00:00:06]} Ke4 {[%clk 01:22:28]} {[%emt 00:00:04]} 64. Qe1 {[%clk 01:10:30]}
{[%emt 00:00:03]} Kf5 {[%clk 01:22:55]} {[%emt 00:00:04]} 65. Kd4 {[%clk
01:10:45]} {[%emt 00:00:14]} Kf6 {[%clk 01:23:20]} {[%emt 00:00:05]} 66. Kd5
{[%clk 01:11:02]} {[%emt 00:00:13]} Kf7 {[%clk 01:23:45]} {[%emt 00:00:06]} 67.
Kd6 {[%clk 01:11:26]} {[%emt 00:00:06]} Kf8 {[%clk 01:24:09]} {[%emt 00:00:07]}
68. Kd7 {[%clk 01:11:50]} {[%emt 00:00:06]} Kf7 {[%clk 01:24:33]} {[%emt
00:00:06]} 69. Qf1 {[%clk 01:12:15]} {[%emt 00:00:05]} Kg7 {[%clk 01:24:52]}
{[%emt 00:00:09]} 70. Ke6 {[%clk 01:12:40]} {[%emt 00:00:06]} Kg8 {[%clk
01:25:14]} {[%emt 00:00:07]} 71. Ke7 {[%clk 01:13:07]} {[%emt 00:00:04]} Kg7
{[%clk 01:25:33]} {[%emt 00:00:10]} 72. Qg1 {[%clk 01:13:33]} {[%emt 00:00:06]}
Kh6 {[%clk 01:25:45]} {[%emt 00:00:17]} 73. Kf7 {[%clk 01:13:57]} {[%emt
00:00:06]} Kh5 {[%clk 01:26:11]} {[%emt 00:00:05]} 74. Kf6 {[%clk 01:14:18]}
{[%emt 00:00:08]} Kh4 {[%clk 01:26:33]} {[%emt 00:00:08]} 75. Kf5 {[%clk
01:14:44]} {[%emt 00:00:03]} Kh3 {[%clk 01:26:58]} {[%emt 00:00:06]} 76. Kf4
{[%clk 01:15:09]} {[%emt 00:00:04]} Kh4 {[%clk 01:27:19]} {[%emt 00:00:09]} 77.
Qh1 {[%clk 01:15:04]} {[%emt 00:00:05]} 1-0